Guide to computer forensics and investigations / (Record no. 13374)
[ view plain ]
| 000 -LEADER | |
|---|---|
| fixed length control field | 01672cam a2200373 a 4500 |
| 001 - CONTROL NUMBER | |
| control field | 15322420 |
| 005 - DATE AND TIME OF LATEST TRANSACTION | |
| control field | 20080820150628.0 |
| 008 - FIXED-LENGTH DATA ELEMENTS--GENERAL INFORMATION | |
| fixed length control field | 080609s2008 maua b 001 0 eng c |
| 010 ## - LIBRARY OF CONGRESS CONTROL NUMBER | |
| LC control number | 2008297931 |
| 020 ## - INTERNATIONAL STANDARD BOOK NUMBER | |
| International Standard Book Number | 9781435498839 |
| 020 ## - INTERNATIONAL STANDARD BOOK NUMBER | |
| International Standard Book Number | 1435498836 |
| 035 ## - SYSTEM CONTROL NUMBER | |
| System control number | (OCoLC)ocn144223914 |
| 040 ## - CATALOGING SOURCE | |
| Original cataloging agency | BTCTA |
| Transcribing agency | BTCTA |
| Modifying agency | BAKER |
| -- | YDXCP |
| -- | WAU |
| -- | DLC |
| 042 ## - AUTHENTICATION CODE | |
| Authentication code | pcc |
| 050 00 - LIBRARY OF CONGRESS CALL NUMBER | |
| Classification number | HV8079.C65 |
| Item number | G85 2008 |
| 082 ## - DEWEY DECIMAL CLASSIFICATION NUMBER | |
| Edition number | 21 |
| Classification number | 005.8 |
| Item number | NEL |
| 100 ## - MAIN ENTRY--PERSONAL NAME | |
| Personal name | Nelson,Bill. |
| 9 (RLIN) | 11330 |
| 245 00 - TITLE STATEMENT | |
| Title | Guide to computer forensics and investigations / |
| Statement of responsibility, etc | by Bill Nelson ... [et al.]. |
| 246 30 - VARYING FORM OF TITLE | |
| Title proper/short title | Computer forensics and investigations |
| 260 ## - PUBLICATION, DISTRIBUTION, ETC. (IMPRINT) | |
| Place of publication, distribution, etc | Boston, Mass. : |
| Name of publisher, distributor, etc | Thomson Course Technology, |
| Date of publication, distribution, etc | c2010. |
| 300 ## - PHYSICAL DESCRIPTION | |
| Extent | xxvi, 682 p. : |
| Other physical details | ill. ; |
| Dimensions | 24 cm. + |
| Accompanying material | 1 DVD-ROM. |
| 500 ## - GENERAL NOTE | |
| General note | Accompanying DVD contains project files and software tools. |
| 500 ## - GENERAL NOTE | |
| General note | Includes Index. |
| 504 ## - BIBLIOGRAPHY, ETC. NOTE | |
| Bibliography, etc | Includes bibliographical references (p. 619-624) and index. |
| 538 ## - SYSTEM DETAILS NOTE | |
| System details note | System requirements for accompanying disc: PC or Macintosh; DVD-ROM drive. |
| 650 #0 - SUBJECT ADDED ENTRY--TOPICAL TERM | |
| Topical term or geographic name as entry element | Computer crimes |
| General subdivision | Investigation. |
| 9 (RLIN) | 11331 |
| 650 #0 - SUBJECT ADDED ENTRY--TOPICAL TERM | |
| Topical term or geographic name as entry element | Computer security. |
| 9 (RLIN) | 11332 |
| 700 1# - ADDED ENTRY--PERSONAL NAME | |
| Personal name | Nelson, Bill. |
| 9 (RLIN) | 11333 |
| 856 41 - ELECTRONIC LOCATION AND ACCESS | |
| Materials specified | Table of contents only |
| Uniform Resource Identifier | <a href="http://www.loc.gov/catdir/toc/fy0805/2008297931.html">http://www.loc.gov/catdir/toc/fy0805/2008297931.html</a> |
| 942 ## - ADDED ENTRY ELEMENTS (KOHA) | |
| Source of classification or shelving scheme | Dewey Decimal Classification |
| Item type | Book - Borrowing |
| Withdrawn status | Item status | Source of classification or shelving scheme | Damaged status | Not for loan | Vendor | Home library | Current library | Shelving location | Date acquired | Source of acquisition | Cost, normal purchase price | Serial Enumeration / chronology | Total Checkouts | Full call number | Barcode | Date last seen | Koha item type |
|---|---|---|---|---|---|---|---|---|---|---|---|---|---|---|---|---|---|
| Dewey Decimal Classification | Alahram | Central Library | Central Library | Lower Floor | 14/02/2010 | 372.50 | 39 | 005.8 NEL | 000019650 | 15/07/2025 | Book - Borrowing | ||||||
| Dewey Decimal Classification | Alahram | Central Library | Central Library | Lower Floor | 14/02/2010 | 372.50 | 39 | 005.8 NEL | 000019649 | 24/08/2022 | CD | DVD - With book |